000 00743nam a2200217 a 4500
001 000011917
005 20200929162622.0
008 091029s1969 sp 001 0 spa d
040 _aDO-SdBNP
_bspa
_cBNPHU
082 _axxxxx
_bH413s
100 1 _aHayakawa, S. I.
_928194
240 1 0 _aSymbol, status and personality
_lespañol
245 1 0 _aSímbolo, status y personalidad /
_cS. I. Hayakawa ; traductor, Alicia Mullor.
260 _aBarcelona :
_bSagitario,
_c1969.
300 _a212 p. ;
_c22 cm.
490 1 _aPsico-Social
_v5
534 _pTítulo original en inglés:
_tSymbol, status and personality
_cWestern Reserve University, 1960.
700 1 _aMullor, Alicia,
_etr.
_928195
830 0 _aPsico-Social
_v5
_928196
049 _aBNGR
999 _c11587
_d11587